000 00919nam a2200229Ia 4500
005 20250108124901.0
008 008 250107s9999 xx 000 0 hin d
020 _a978-93-80259-05-5
037 _aTB
040 _aCRL
_bhin
_cCRL
041 _ahin
_2hin
084 _aO152,2NCH,MS:g R3
084 _qCRL
100 _aअंशुमान, प्रवीण कुमार, ले.
_9159273
245 0 _aमैं कवि - हृदय हू कवि नहीं: काव्य - संग्रह
_cअंशुमान, प्रवीण कुमार, ले.
260 _aनई दिल्ली, भारत
_bडायमंड बुक्स
_c2547
300 _a149पृ0
365 _aINR
_b205
650 _aहिन्दी कविताहिन्दी साहित्य
_9729733
942 _cTB
_hO152,2NCH,MS:g R3
999 _c1234935
_d1234935